000 00837nam a2200241 4500
003 OSt
005 20260601193853.0
008 260418b1996 ja a|||| |||| 00| 0 eng d
040 _aICI
_bspa
_cICI
041 _aeng
050 _aNC998.6.J3
_bD57
245 1 _aDisplay, commercial space & sign desing
264 _bRikuyo-sha,
_c1996-
_aTokio, Japan :
300 _avolúmenes :
_bilustraciones
336 _atexto
_2rdacontent
337 _asin medio
_2rdamedia
338 _avolumen
_2rdacarrier
650 1 _aArte comercial
_vCatálogos
_x Publicaciones periódicas
_932586
650 2 _aPublicidad
_vCatálogos
_xPublicaciones periódicas
_zJapón
_932587
650 2 _2Exhibición de mercancias
_vCatálogos
_xPublicaciones periódicas
_932588
650 2 _2Arquitectura de interiores --
_x Publicaciones periodicas
942 _2lcc
_cB
999 _c21922
_d21922